Velké dějiny zemí Koruny české. Svazek XI. b, 1792-1860 /
Hospodářské, sociální a kulturní dějiny českých zemí v letech 1792-1860. Práce se soustředí na hospodářské poměry a počátky industrializace v českých zemích, pokrok v oblasti dopravy, sociální vývoj, rozvoj školství a vědeckého života, úrovneň zdravotní péče a v neposlední řadě na kulturu daného obd...
Uloženo v:
| Další autoři: | , , , |
|---|---|
| Médium: | Kniha |
| Jazyk: | Czech |
| Vydáno: |
Praha ; Litomyšl :
Paseka,
2013
|
| Vydání: | Vyd. 1. |
| Témata: | |
| Celkem bylo vypůjčeno: | 1x |
| Tagy: |
Žádné tagy |
| LEADER | 02030nam a2200433 a 4500 | ||
|---|---|---|---|
| 001 | 87142 | ||
| 005 | 20240814141152.0 | ||
| 008 | 140603s2013----xr ---------u-------cze-d | ||
| 020 | |a 978-80-7432-348-5 |q (váz.) | ||
| 020 | |a 80-7185-264-3 |q (soubor) : |c 432.00 Kč | ||
| 040 | |a UOG502 |e AACR2 |9 1 |b cze | ||
| 043 | |a e-xr--- | ||
| 045 | |a v9w6 | ||
| 072 | 7 | |a 94(437) |x Dějiny Česka a Slovenska |2 Konspekt | |
| 080 | |a 943.71/.72 | ||
| 245 | 0 | 0 | |a Velké dějiny zemí Koruny české. |n Svazek XI. b, |p 1792-1860 / |c Milan Hlavačka ... [et al.] |
| 246 | 1 | 3 | |a Dějiny zemí Koruny české |
| 250 | |a Vyd. 1. | ||
| 260 | |a Praha ; |a Litomyšl : |b Paseka, |c 2013 | ||
| 300 | |a 523 s., [32] s. obr. příl. : |b il., portréty | ||
| 504 | |a Obsahuje bibliografii a rejstřík | ||
| 520 | 2 | |a Hospodářské, sociální a kulturní dějiny českých zemí v letech 1792-1860. Práce se soustředí na hospodářské poměry a počátky industrializace v českých zemích, pokrok v oblasti dopravy, sociální vývoj, rozvoj školství a vědeckého života, úrovneň zdravotní péče a v neposlední řadě na kulturu daného období (literatura, výtvarné umění, hudba atd.). | |
| 648 | 4 | |a 18.-19. stol. | |
| 650 | 0 | 4 | |a hospodářské dějiny |7 ph114703 |9 949 |
| 650 | 0 | 4 | |a školství |7 ph116829 |
| 650 | 0 | 4 | |a věda |7 ph116676 |
| 650 | 0 | 4 | |a kulturní dějiny |7 ph122020 |
| 650 | 0 | 4 | |a dějiny |7 ph114390 |
| 651 | 4 | |a Česko |7 ge128065 | |
| 653 | |a české dějiny | ||
| 655 | 4 | |a monografie |7 fd132842 |9 53720 | |
| 700 | 1 | |a Hlavačka, Milan, |d 1955- |7 jn19990201029 |4 aut |9 16245 | |
| 700 | 1 | |a Kaše, Jiří, |d 1946- |7 ola2002153672 |4 aut |9 19564 | |
| 700 | 1 | |a Kučera, Jan Pavel, |d 1948- |7 jn99240000579 |4 aut |9 24075 | |
| 700 | 1 | |a Tinková, Daniela, |d 1973- |7 js20040202006 |4 aut |9 23810 | |
| 910 | |a UOG502 | ||
| 999 | |c 87142 |d 87142 | ||
| 942 | 0 | 0 | |0 0 |
| 993 | |0 0 |1 421180080945 |2 ddc |4 0 |6 943_700000000000000 |7 0 |9 72665 |a 311.04 |b 0 |c 80945 |d 2014-06-03 |e 1 |f SKLAD |g 943.7 |h 432.00 |i Kosmas Praha |l SKLAD |m 3 |r 2021-02-09 |s 2019-02-01 |t 5 |w 2017-12-29 |y KN |z NAUCNA | ||